Annaul plan 1987-88 for the development of Scheduled Castes. (Record no. 504172)
[ view plain ]
| 000 -LEADER | |
|---|---|
| fixed length control field | 00408cam a22001097a 4500 |
| 008 - FIXED-LENGTH DATA ELEMENTS--GENERAL INFORMATION | |
| fixed length control field | 180718b1987, 1986/87 xxu||||| |||| 00| 0 eng d |
| 082 ## - DEWEY DECIMAL CLASSIFICATION NUMBER | |
| Classification number | BA27x5441 P/ 1987-88 |
| 100 ## - MAIN ENTRY--PERSONAL NAME | |
| Personal name | Gujarat.Social Welfare Department. |
| 245 ## - TITLE STATEMENT | |
| Title | Annaul plan 1987-88 for the development of Scheduled Castes. |
| Statement of responsibility, etc. | by Social Welfare Department |
| 260 ## - PUBLICATION, DISTRIBUTION, ETC. | |
| Place of publication, distribution, etc. | Vadodara |
| Name of publisher, distributor, etc. | Government press. |
| Date of publication, distribution, etc. | 1987, 1986/87 |
| 500 ## - GENERAL NOTE | |
| General note | Library has 1988-89 |
| Withdrawn status | Lost status | Damaged status | Not for loan | Permanent Location | Current Location | Date acquired | Full call number | Barcode | Date last seen | Price effective from | Koha item type |
|---|---|---|---|---|---|---|---|---|---|---|---|
| Indian Institute of Public Administration | Indian Institute of Public Administration | 2018-08-04 | BA27x5441 P/ 1987-88 | GG33682 | 2018-08-04 | 2018-08-04 | GG | ||||
| Indian Institute of Public Administration | Indian Institute of Public Administration | 2018-08-04 | BA27x5441 P/ 1987-88 | GG33584 | 2018-08-04 | 2018-08-04 | GG | ||||
| Indian Institute of Public Administration | Indian Institute of Public Administration | 2018-08-04 | BA27x5441 P/ 1987-88 | GG33101 | 2018-08-04 | 2018-08-04 | GG |
